Province che confinano con la Provincia di Avellino - Statistics

Statistiche generali
  • Questo quiz è stato fatto 30 volte
  • Il punteggio medio è 5 su 5
Statistiche sulle risposte
Provincia Comune % Corretto
Campania Città metropolitana di Napoli
100%
Puglia Provincia di Foggia
100%
Basilicata Provincia di Potenza
100%
Campania Provincia di Benevento
96%
Campania Provincia di Salerno
72%
Nessun quiz corrispondente trovato
Distribuzione punteggi
Percentuale di utenti per punteggio
Percentile per numero di risposta
I tuoi punteggi nel tempo
Non hai fatto questo quiz